Statistiche per Test di Memoria Visiva - Paesi sulla Mappa del Mondo

Clicka qui per fare il quiz!

Statistiche generali

  • Questo quiz è stato fatto 3.989 volte
  • Il punteggio medio è 9 su 15

Risposte nella Mappa

Le risposte nella mappa del quiz sottostante sono codificate secondo una scala di colori dal rosso al verde in base alla % di persone che hanno risposto correttamente.
 

Statistiche sulle risposte

Paese% Corretto
Russia
97%
Stati Uniti
97%
Canada
96%
Brasile
94%
Messico
93%
Italia
92%
Danimarca
88%
Cile
86%
Argentina
83%
Cina
83%
Regno Unito
83%
Francia
81%
Indonesia
79%
Australia
78%
Norvegia
78%
Spagna
78%
Germania
77%
Svezia
77%
Colombia
75%
India
75%
Polonia
75%
Ucraina
75%
Perù
74%
Islanda
73%
Paraguay
73%
Bolivia
71%
Ecuador
70%
Finlandia
70%
Irlanda
70%
Sudafrica
70%
Turchia
70%
Cuba
69%
Repubblica Ceca
69%
Venezuela
69%
Uruguay
68%
Mongolia
67%
Portogallo
67%
Kazakistan
66%
Slovacchia
66%
Bielorussia
65%
Austria
64%
Bahamas
63%
Giappone
63%
Grecia
63%
Lettonia
63%
Madagascar
63%
Marocco
63%
Repubblica Democratica del Congo
63%
Lituania
62%
Nuova Zelanda
62%
Paesi Bassi
62%
Sudan
62%
Ungheria
62%
Estonia
61%
Serbia
61%
Angola
60%
Maldive
60%
Nepal
60%
Stati Federati di Micronesia
60%
Algeria
59%
Capo Verde
58%
Papua Nuova Guinea
58%
Belgio
57%
Corea del Nord
57%
Mali
57%
Svizzera
57%
Filippine
56%
Niger
56%
Pakistan
56%
Sri Lanka
56%
Egitto
55%
Malesia
55%
Nicaragua
55%
Romania
55%
Arabia Saudita
54%
Bosnia ed Erzegovina
54%
Croazia
54%
Etiopia
54%
Iran
54%
Kiribati
54%
Libia
54%
Tunisia
54%
Guatemala
53%
Guyana
53%
Mauritania
53%
Senegal
53%
Somalia
53%
Corea del Sud
52%
Iraq
52%
Mozambico
52%
Siria
52%
Ciad
51%
Honduras
51%
Mauritius
51%
Suriname
51%
Vietnam
51%
Bulgaria
50%
Cambogia
50%
Uzbekistan
50%
Birmania
49%
Isole Marshall
49%
Nigeria
49%
Azerbaijan
48%
Isole Salomone
48%
Afghanistan
47%
Costa d'Avorio
47%
Kenya
47%
Laos
47%
Figi
46%
Giordania
46%
Namibia
46%
Seychelles
46%
Thailandia
46%
Turkmenistan
46%
Zambia
46%
Bhutan
45%
Tanzania
45%
Yemen
45%
Bangladesh
44%
Lesotho
44%
Moldavia
44%
Repubblica del Congo
44%
Repubblica Dominicana
44%
Taiwan
44%
Uganda
44%
Ghana
43%
Kirghizistan
43%
Benin
42%
Malawi
42%
Palau
41%
Panama
41%
Repubblica Centrafricana
41%
Sao Tome e Principe
41%
Botswana
40%
Tagikistan
40%
Georgia
39%
Oman
39%
Zimbabwe
39%
Armenia
38%
Tuvalu
38%
Burkina Faso
37%
Camerun
37%
Eritrea
37%
Guinea
37%
Sud Sudan
36%
Vanuatu
36%
Comoros
35%
Sierra Leone
35%
Nauru
33%
Emirati Arabi Uniti
32%
Tonga
32%
Liberia
31%
Samoa
30%
Gabon
25%

Distribuzione punteggi

Percentile per numero di risposta

Percentuale di utenti per punteggio

I tuoi punteggi nel tempo

Non hai fatto questo quiz